Forum for Social Economics
Salvato in:
| Natura: | Periodico |
|---|---|
| Lingua: | inglese |
| Pubblicazione: |
Abingdon
Taylor & Francis
|
| Tags: |
Nessun Tag, puoi essere il primo ad aggiungerne!!
|
MARC
| LEADER | 00000nls a2200000 4500 | ||
|---|---|---|---|
| 001 | 0283261 | ||
| 005 | 20250701092117.6 | ||
| 022 | |a 0736-0932 | ||
| 022 | |a 1874-6381 | ||
| 041 | 0 | |a eng | |
| 044 | |a GB | ||
| 245 | 1 | 0 | |a Forum for Social Economics |
| 264 | 1 | |a Abingdon |b Taylor & Francis | |